Score 0/41 Timer 04:00
0 Plays Today
Hint Answer % Correct
Chris Hemsworth title character ϟ THOR ϟ
95.1%
Make sure this is written before you die ϟ WILL ϟ
91.9%
Small medicine tabletPILL
90.5%
_____ Me MaybeCALL
90.2%
Informal talkCHAT
89.1%
Hadrian's, Berlin's or Pink Floyd'sWALL
88.5%
JacketCOAT
88.5%
A small or suspicious religious groupCULT
88.2%
_____ she blows!THAR
88.1%
A heapPILE
87.9%
_____ Russia with Love ϟ FROM ϟ
87.1%
Important high school dancePROM
86.6%
Revolver manufacturer SamuelCOLT
86%
Deficient in colorPALE
84.9%
Toad's relativeFROG
84.9%
Super Mario _____BROS
84.9%
DesireWANT
84.6%
Arctic fish or to burnCHAR
84.6%
Italy's shapeBOOT
84.1%
To remove/kill weaker animals from a populationCULL
84.1%
_____ & properPRIM
83.6%
Hint Answer % Correct
To increase in sizeGROW
83.2%
Tarzan's squeeze ϟ JANE ϟ
83%
Something you beat or wipe sweat fromBROW
81.6%
Deathly reaperGRIM
81.4%
An ornamental stone, often greenJADE
81.3%
The moon diminishing in intensity does thisWANE
81.2%
To cover a road surface for travelPAVE
78.9%
Dwyane _____ or _____ BoggsWADE
78.6%
Originally water, or weak beer, with rumGROG
77.9%
Opposite of spend or give ϟ SAVE ϟ
76.4%
Vocal disdain for somethingBOOS
76.3%
Showing reason, sound judgmentSANE
75.2%
Sound from a wind instrument, or to pass windTOOT
70.8%
What you do for Godot or GuffmanWAIT
68.2%
To clamp teeth togetherGRIT
67.8%
A pastry smaller than a pieTART
66.6%
A civil wrong in common lawTORT
64.1%
A formal, often legal documentWRIT
62.9%
To injure, hurt ϟ HARM ϟ
54.4%
Old alternative word for stag (deer)HART
53%

Today's Daily Dose

Missing Word
'T' Pairs

Word Ladder
Game Pieces

Get the Picture
Baseball Movies

Remove Ads.
Support Sporcle.
Get the best of Sporcle when you Go Orange. This ad-free experience offers more features, more stats, and more fun while also helping to support Sporcle. Thank you for becoming a member.

You're not logged in!

Compare scores with friends on all Sporcle quizzes.
OR
Log In

Show Comments

Extras

Top Quizzes Today


Score Distribution

Your Account Isn't Verified!

In order to create a playlist on Sporcle, you need to verify the email address you used during registration. Go to your Sporcle Settings to finish the process.

Report this User

Report this user for behavior that violates our Community Guidelines.

Details: